Μανιτάρια

Saved in:
Bibliographic Details
Corporate Author: Κέντρο Περιβαλλοντικής Εκπαίδευσης Ευεργέτουλα Λέσβου
Format: Book
Language:Greek
Published: Μυτιλήνη : Δήμος Ευεργέτουλα, [χ.χ.]
Subjects:
Tags: Add Tag
No Tags, Be the first to tag this record!

MARC

LEADER 00000nam a2200000 i 4500
001 1/66377
008 150209s200 gre d
035 |l 10120965 
040 |a GR-MY-UA  |b gre  |e aacr 
041 0 |a gre 
082 0 |a 579.6  |2 (23) 
110 2 |a Κέντρο Περιβαλλοντικής Εκπαίδευσης Ευεργέτουλα Λέσβου. 
245 1 0 |a Μανιτάρια /  |c Κέντρο Περιβαλλοντικής Εκπαίδευσης Ευεργέτουλα Λέσβου 
260 |a Μυτιλήνη :   |b Δήμος Ευεργέτουλα,   |c [χ.χ.] 
300 |a 14 σ.;  |c εικ. 
650 0 0 |a Mushrooms, Edible. 
852 |a INST  |b LESVOS  |e 20150209  |h 579.6 ΚΕΝ  |p 005100053328  |q 005100053328  |t BK  |y 0 
901 |a BIBL1-2015-1 
909 |a Λ  |b 191723 
920 |a ΚΠΕ ΕΥΕΡΓΕΤΟΥΛΑ ΛΕΣΒΟΥ  |y ΛΕΣΒΟΣ  |z 2013-01 
970 |a ΤΖΑΦΕΡΗ  |b ΕΥΑΓΓΕΛΙΑ  |z 2015/02/09